| 000 | 01288nam a2200313 4500 | ||
|---|---|---|---|
| 001 | 0000012474 | ||
| 003 | CO-CtgCURN | ||
| 005 | 20250331184736.0 | ||
| 007 | ta | ||
| 008 | 160627s1992 000 0 eng d | ||
| 020 | _a9684229968 | ||
| 040 |
_aCO-CtgCURN _bspa _ccoctgcurn |
||
| 082 | 0 |
_a541.22 _bG618f |
|
| 100 | 1 | _aGoldberg, David Edward. | |
| 245 | 1 | 0 |
_aFundamentos de química / _cDavid E. Goldberg , traducción María Teresa Aguilar Ortega , revision tecnica Rosa María González Muradas. |
| 260 |
_aMexico : _bMcGraw-Hill, _c1992. |
||
| 300 | _axi, 481 p. | ||
| 336 | _2rdacontent | ||
| 337 |
_2rdamedia _asin mediacion _bn |
||
| 338 |
_2rdacarrier _avolumen _bnc |
||
| 490 | 1 | _aSchaum | |
| 500 | _aIncluye indice \Glosario (p.459-474)\Titulo original. Schaums outline of chemistry foundations. | ||
| 505 | 8 | _aContenido: Conceptos fundamentales.--El metodo matemático en química.--Nomenclatura Inorganica.--Estequiometria.--Ecuaciones ionicas netas.--Molaridad.--Gases.--Teoria cinetica molecular.--Termoquímica.--Reacciones nucleares | |
| 650 | 1 | 4 | _aQuímica. |
| 700 | 1 |
_aAguilar Ortega, María Teresa, tr, _eTraductor. |
|
| 908 | _a160627 | ||
| 942 |
_cBK _h541.22 _iG618f _2ddc |
||
| 999 |
_c21033 _d21033 |
||